| 000 | 00611nam a22002297a 4500 | ||
|---|---|---|---|
| 001 | 14450 | ||
| 003 | BD-JhCC | ||
| 005 | 20251120121606.0 | ||
| 008 | 251120b |||||||| |||| 00| 0 eng d | ||
| 020 | _a9780141398532 | ||
| 035 | _a(BD-JhCC) 14450 | ||
| 040 |
_aBD-JhCC _dBD-JhCC |
||
| 041 | _aeng | ||
| 082 |
_223 _a813.4 _bCHO |
||
| 100 | _aChopin,Kate | ||
| 245 |
_a A pair of silk stockings / _cKate Chopin |
||
| 260 |
_aLondon: _bPenguin Books, _c2015 |
||
| 300 |
_a 55 pages ; _c17 cm. _ePaper |
||
| 490 |
_a Penguin little black classics _vN, 66 |
||
| 650 | _aThe story of an hour | ||
| 942 |
_2ddc _cBK |
||
| 999 |
_c14450 _d14450 |
||